书目信息 |
| 题名: |
管理会计学
|
|
| 作者: | 余绪缨 主编 | |
| 分册: | ||
| 出版信息: | 北京 中国人民大学出版社 2005 |
|
| 页数: | 355页 | |
| 开本: | 23cm | |
| 丛书名: | ||
| 单 册: | ||
| 中图分类: | F234.3 | |
| 科图分类: | ||
| 主题词: | 管理会计--高等学校--教材 , 管理会计 | |
| 电子资源: | ||
| ISBN: | 7-300-03173-0 | |
| 000 | 00937nam0 2200277 450 | |
| 000 | 00928nam0 2200265 450 | |
| 000 | 00859nam0 2200241 450 | |
| 000 | 00823oam2 2200229 45 | |
| 005 | 20070724112132.57 | |
| 010 | @a7-300-03173-0@dCNY28.00 | |
| 100 | @a20070626d2005 em y0chiy0120 ea | |
| 101 | 0 | @achi |
| 102 | @aCN@b110000 | |
| 105 | @ay z 000yy | |
| 200 | 1 | @a管理会计学@AGuan Li Hui Ji Xue@f余绪缨主编@FYu Xu Ying Zhu Bian |
| 205 | @a2版 | |
| 210 | @a北京@c中国人民大学出版社@d2005 | |
| 215 | @a355页@d23cm | |
| 300 | @a普通高等教育“十五”国家级规划教材本科生用 | |
| 330 | @a本书分为导论、成本会计、现代管理会计三篇共十五章。分别论述了现代会计的形成与发展,产品成本计算原理,成本性态分析与变动成本计算等。 | |
| 606 | 0 | @a管理会计@x高等学校@j教材 |
| 606 | 0 | @a管理会计 |
| 690 | @aF234.3@v4 | |
| 701 | 0 | @a余绪缨@AYu Xu Ying@f(1922.8~)@4主编 |
| 801 | 0 | @aCN@bTAOJIN@c20070724 |
| 905 | @a10447@dF234.3@e287=2 | |
| 管理会计学/余绪缨主编.-2版.-北京:中国人民大学出版社,2005 |
| 355页;23cm |
| 普通高等教育“十五”国家级规划教材本科生用 |
| ISBN 7-300-03173-0:CNY28.00 |
| 本书分为导论、成本会计、现代管理会计三篇共十五章。分别论述了现代会计的形成与发展,产品成本计算原理,成本性态分析与变动成本计算等。 |
| ● |
| 相关链接 |
|
|
|
|
正题名:管理会计学
索取号:F234.3/287=2
 
预约/预借
| 序号 | 登录号 | 条形码 | 馆藏地/架位号 | 状态 | 备注 |
| 1 | 0824498 | 208244988 | 第一样本阅览室/ [索取号:F234.3/287=2] | 在馆 | |
| 2 | 0824499 | 208244997 | 第一借阅区/ [索取号:F234.3/287=2] | 在馆 | |
| 3 | 0824500 | 208245004 | 第一借阅区/ [索取号:F234.3/287=2] | 在馆 | |
| 4 | 0824501 | 208245013 | 第一借阅区/ [索取号:F234.3/287=2] | 在馆 | |
| 5 | 0824502 | 208245022 | 第一借阅区/ [索取号:F234.3/287=2] | 在馆 | |
| 6 | 0824503 | 208245031 | 第一借阅区/ [索取号:F234.3/287=2] | 在馆 | |
| 7 | 0824504 | 208245040 | 第一借阅区/ [索取号:F234.3/287=2] | 在馆 | |
| 8 | 0824505 | 208245059 | 第一借阅区/ [索取号:F234.3/287=2] | 在馆 |